banner koha

Variações de posição dos anéis fibrosos atrioventriculares esquerdo e aórtico em corações normais da espécie humana, eqüina, suína e canina. Estudo anatômico comparativo (Registro n. 170042)

MARC details
000 -LÍDER
campo de controle de tamanho fixo 00985nas a2200313 4500
001 - NÚMERO DE CONTROLE
campo de controle BR0202182
003 - IDENTIFICADOR DO NÚMERO DE CONTROLE
campo de controle BR-BrBNA
005 - DATA E HORÁRIO DA ÚLTIMA TRANSAÇÃO
campo de controle 20231205102919.0
007 - CAMPO FIXO DE DESCRIÇÃO FÍSICA--INFORMAÇÃO GERAL
campo de controle de tamanho fixo ta
008 - CAMPO DE DADOS FIXOS--INFORMAÇÃO GERAL
campo de controle de tamanho fixo 230509b bl.|||p| |||| 00| 00por d
040 ## - FONTE DA CATALOGAÇÃO
Instituição da catalogação original BR-BrBNA
Idioma da catalogação por
Instituição que transcreveu o registro Biblioteca Nacional de Agricultura
041 ## - CÓDIGO DE IDIOMA
Código do idioma do texto/trilha sonora ou título diferente (Pt)
072 ## - CÓDIGO DE CATEGORIA DE ASSUNTO
Código de Categoria de Assunto L40
100 1# - ENTRADA PRINCIPAL--NOME PESSOAL
Nome pessoal Freitas, R.R. de
100 1# - ENTRADA PRINCIPAL--NOME PESSOAL
Nome pessoal Stopiglia, A.J.
100 1# - ENTRADA PRINCIPAL--NOME PESSOAL
Nome pessoal Jatene, F.B.
100 1# - ENTRADA PRINCIPAL--NOME PESSOAL
Nome pessoal Macruz, R.
100 1# - ENTRADA PRINCIPAL--NOME PESSOAL
Nome pessoal Armigliato, A.L.
100 1# - ENTRADA PRINCIPAL--NOME PESSOAL
Nome pessoal Monteiro, R.
245 1# - TÍTULO
Título Variações de posição dos anéis fibrosos atrioventriculares esquerdo e aórtico em corações normais da espécie humana, eqüina, suína e canina. Estudo anatômico comparativo
650 ## - ASSUNTO--TERMO TÓPICO
Cabeçalho tópico ou nome geográfico CAVALO
650 ## - ASSUNTO--TERMO TÓPICO
Cabeçalho tópico ou nome geográfico SUÍNO
650 ## - ASSUNTO--TERMO TÓPICO
Cabeçalho tópico ou nome geográfico CÃO
650 ## - ASSUNTO--TERMO TÓPICO
Cabeçalho tópico ou nome geográfico CORAÇÃO
650 ## - ASSUNTO--TERMO TÓPICO
Cabeçalho tópico ou nome geográfico ESTRUTURA ANIMAL
773 0# - ENTRADA ANALÍTICA
Título Veterinária Notícias (Brazil)
ISSN - International Standard Serial Number ISSN 0104-3463
Partes relacionadas (2001), v. 7(2) p. 45-51
Número de controle do registro BR0202182
909 ## -
-- 202311
-- Lúcia
-- 55
-- Lúcia Elande
942 ## - ELEMENTOS DE ENTRADA ADICIONADOS (KOHA)
Fonte da classificação ou esquema de arquivamento na estante Classificação AGRIS
Ocultar no OPAC Não
Tipo de material Koha Analítica
Exemplares
Situação do descarte Fonte da classificação ou esquema de arquivamento na estante Situação física Não pode ser emprestado Biblioteca de origem Biblioteca atual Localização na estante Enumeração do periódico / cronologia Total de empréstimos Data de último acesso Número do exemplar Tipo de material Koha Fonte de aquisição
  Classificação AGRIS   Consulta local Biblioteca Nacional de Agricultura - Binagri Biblioteca Nacional de Agricultura - Binagri   (2001), v. 7(2) p. 45-51   29/11/2023 01 Periódicos Portaria Interministerial nº 164/94

BINAGRI

Telefone: (61)3218-2567/2388/3357/2097 - binagri@agro.gov.br

Ministério da Agricultura e Pecuária , Esplanada dos Ministérios, Bloco D, Anexo B, Brasília/DF, CEP: 70.043-900